| 000 | 00822nam a22002651 4500 | ||
|---|---|---|---|
| 001 | 134344 | ||
| 003 | ES-MaACL | ||
| 005 | 20251003195558.0 | ||
| 007 | t| | ||
| 008 | 070910s1957 sp ||||0| spa d | ||
| 016 | 7 | _zIND2000944222 | |
| 040 |
_aM-BN _bspa _cCDM |
||
| 080 | _a92(Enrique (42) VIII) | ||
| 100 | 1 |
_aWhite, Harry. _9116661 |
|
| 245 | 1 | 0 |
_aEnrique VIII / _cpor Harry White ; [traducido del alemán por Ernesto Salcedo]. |
| 260 |
_aBarcelona : _bA. H. R : _b[Estrada, _c1957. |
||
| 300 |
_a274 p. ; _c20 cm. |
||
| 490 | 1 | _aHistoria y amor | |
| 600 | 0 | 7 |
_aEnrique VIII, _cRey de Inglaterra, _d1491-1547 _2 _9126940 |
| 700 | 1 |
_aSalcedo, Ernesto. _9101839 |
|
| 830 | 0 | 0 |
_aHistoria y amor _9182274 |
| 852 |
_aES-MaACL _jC-13822 _bR.41690 |
||
| 999 |
_c134344 _d134344 |
||